Biodegradovateľné polymérne obalové materiály na báze polykaprolaktónu
Na minha lista:
| Autor principal: | |
|---|---|
| Formato: | Livro |
| Idioma: | eslovaco |
| Publicado em: |
Bratislava
STU FCHPT
2007
|
| Acesso em linha: | View in OPAC |
| Tags: |
Sem tags, seja o primeiro a adicionar uma tag!
|
MARC
| LEADER | 00000nam a2200000 a 4500 | ||
|---|---|---|---|
| 005 | 20260127134221.0 | ||
| 008 | 081021 2008 xo 000 0 slo d | ||
| 035 | |a vtls009350876 | ||
| 039 | 9 | |a 200810211105 |b mschk03 |y 200810211028 |z mschk03 | |
| 040 | |a STUSCHK1 |b slo |c STUSCHK1 |e AACR2 | ||
| 100 | 1 | |a Bugaj, Peter | |
| 245 | 1 | |a Biodegradovateľné polymérne obalové materiály na báze polykaprolaktónu |c Peter Bugaj | |
| 260 | |a Bratislava |b STU FCHPT |c 2007 | ||
| 300 | |a 111 s. |b il. |c 30 cm | ||
| 500 | |a Obháj.: 19.6. 2008 | ||
| 500 | |a Ústav polymérnych materiálov, Odd. plastov a kaučuku | ||
| 910 | |a SCHK95 | ||
| 999 | |c 6972 |d 6972 | ||